| 000 | 00498 a2200169 4500 | ||
|---|---|---|---|
| 005 | 20250613055146.0 | ||
| 020 | _a0-13-022329-8 | ||
| 082 | _aLECT 519.5 McC | ||
| 100 | _aMcCLAVE, J. T. | ||
| 245 | _aStatistics | ||
| 250 | _a8th Ed. | ||
| 260 |
_aNew Jersey, _bPrentice Hall, _c2000. |
||
| 300 |
_axxiii, 848p.: ill.; chart, figure, graph, picture, table. _bIndex, _c26cm. |
||
| 700 | _aSINCICH, T. | ||
| 856 |
_yAccess online book _fStatistics _dhttp://www.prenhall.com |
||
| 942 |
_2ddc _cBKS |
||
| 999 |
_c3912 _d3912 |
||